Landlord registration in Scotland (Record no. 110608)

MARC details
000 -LEADER
fixed length control field 01112cad a22002175a 4500
001 - CONTROL NUMBER
control field E149713
008 - FIXED-LENGTH DATA ELEMENTS--GENERAL INFORMATION
fixed length control field 100414s2009 xxk f 000 0 eng d
035 ## - SYSTEM CONTROL NUMBER
System control number (Sirsi) u149713
041 0# - LANGUAGE CODE
Language code of text/sound track or separate title eng
110 2# - MAIN ENTRY--CORPORATE NAME
Corporate name or jurisdiction name as entry element Shelter Scotland
9 (RLIN) 3573
245 00 - TITLE STATEMENT
Title Landlord registration in Scotland
Remainder of title three years on
Medium [electronic resource]
260 ## - PUBLICATION, DISTRIBUTION, ETC.
Place of publication, distribution, etc. [S.l.]
Name of publisher, distributor, etc. Shelter
Date of publication, distribution, etc. 2009
520 ## - SUMMARY, ETC.
Summary, etc. Examines the impact of the scheme to register all private landlords and agents in Scotland, three years after it was introduced, and looks at whether it has succeeded in its aims. Draws on responses made to Shelter by local authorities, and identifies a number of concerns with the operation of the system.
521 ## - TARGET AUDIENCE NOTE
Target audience note Advanced
590 ## - LOCAL NOTE (RLIN)
Local note KA
650 24 - SUBJECT ADDED ENTRY--TOPICAL TERM
Topical term or geographic name entry element ANTISOCIAL BEHAVIOUR ETC (SCOTLAND) ACT 2004
651 #4 - SUBJECT ADDED ENTRY--GEOGRAPHIC NAME
Geographic name Scotland
Chronological subdivision 1999-
690 ## - LOCAL SUBJECT ADDED ENTRY--TOPICAL TERM (OCLC, RLIN)
Topical term or geographic name as entry element PROPERTY-RESIDENTIAL PROPERTY-RESIDENTIAL LANDLORD AND TENANT
856 40 - ELECTRONIC LOCATION AND ACCESS
Uniform Resource Identifier <a href="https://scotland.shelter.org.uk/professional_resources/policy_library/policy_library_folder/landlord_registration_in_scotland">https://scotland.shelter.org.uk/professional_resources/policy_library/policy_library_folder/landlord_registration_in_scotland</a>
Public note View the report free of charge at http://scotland.shelter.org.uk
942 ## - ADDED ENTRY ELEMENTS (KOHA)
Suppress in OPAC 0
Holdings
Withdrawn status Lost status Source of classification or shelving scheme Damaged status Not for loan Home library Current library Shelving location Date acquired Total Checkouts Full call number Barcode Date last seen Copy number Price effective from Koha item type
    Dewey Decimal Classification     Virtual Virtual Online 14/04/2010   ONLINE PUBLICATION 149713-2001 06/08/2019 1 06/08/2019 Book